Amorfoda- Bad Bunny - Estadísticas

Estadísticas generales
  • Esta prueba ha sido intentada 1.291 veces
    1.033 desde el último reinicio
  • La puntuación promedio es 236 de 284
Estadísticas de respuestas
Respuesta % Correcto
a
100%
que
100%
QUE
100%
me
99%
ME
99%
y
99%
Y
99%
amor
98%
AMOR
98%
de
98%
DE
98%
No
98%
no
98%
NO
98%
es
97%
lo
97%
Lo
97%
ya
97%
Ya
97%
YA
97%
cansé
96%
canse
96%
CANSÉ
96%
hable
96%
HABLE
96%
HABLÉ
96%
más
96%
MÁS
96%
nadie
96%
NADIE
96%
quiero
96%
QUIERO
96%
se
96%
96%
SE
96%
todo
96%
las
95%
los
95%
Los
95%
LOS
95%
te
91%
esos
90%
ESOS
90%
todo
90%
en
89%
di
88%
pase
88%
PASE
88%
PASÉ
88%
Si
88%
si
88%
trucos
88%
TRUCOS
88%
dolor
86%
el
85%
ti
85%
besos
83%
mi
83%
dolores
82%
DOLORES
82%
82%
tu
82%
yeah
82%
YEAH
82%
yo
81%
confieso
80%
ante
79%
todos
79%
perdi
77%
perdí
77%
sin
77%
un
77%
la
76%
pudiera
76%
tiempo
76%
arrepiento
75%
como
75%
Quisiera
75%
veces
75%
haber
74%
palabras
74%
secreto
74%
confiado
73%
odio
73%
siento
73%
mil
72%
sentimiento
72%
Hoy
71%
hoy
71%
ser
71%
sientas
71%
una
70%
cuento
69%
al
68%
devuelva
68%
final
67%
pidiera
67%
causaste
66%
pensamiento
66%
del
65%
toda
65%
hiciste
64%
tragos
64%
flores
63%
han
63%
infeliz
63%
sacarte
63%
sido
62%
cambiarle
61%
todas
61%
testigos
60%
aun
59%
chocolates
59%
Dios
59%
conmigo
58%
día
58%
dia
58%
fe
57%
por
57%
barras
56%
existe
56%
Preguntándole
55%
chiste
54%
pesadilla
54%
verdad
54%
convierten
53%
pero
53%
supera
53%
arcoíris
52%
colores
52%
mejore
52%
mierda
51%
naciste
51%
kbron
50%
lluvia
49%
aceras
48%
camina
48%
maldecir
48%
sale
48%
voy
48%
bueno
47%
esta
47%
Siempre
47%
tan
47%
después
46%
era
46%
solo
46%
ves
44%
ahora
43%
porque
43%
No se encontraron pruebas coincidentes
Distribución de puntuación
Porcentaje de gente con cada puntuación
Porcentaje por número respondido
Historial de tus puntuaciones
No has intentado esta prueba desde el último reinicio